000 00381 a2200169 4500
001 190952
020 _a978-85-67888-00-2
040 _cMagnum
100 _aLoude, Jean-Yves
240 1 0 _aA kalimba de bama
_lpor
245 1 0 _aA kalimba de bama
300 _a28
362 0 _a2014
440 1 _aFrancesinha
697 _aLITERATURA INFANTO-JUVENIL ESTRANGEIRA
942 _cBK
999 _c190952
_d190952